đź“–đź’¬ Paroles "La Mort et le Malheureux" (fable) La Fontaine - Statistiques

Statistiques générales
  • Ce quiz a Ă©tĂ© pris 57 fois
  • Le rĂ©sultat moyen est 72 sur 125
Statistiques - réponses
Mots % Correct
Ă 
100%
a
100%
d'
100%
de
100%
et
100%
l'
100%
La
100%
ma
100%
Mort
100%
Mort,
100%
mort,
100%
Un
100%
un
100%
il,
95%
il
95%
Il
95%
malheureux
95%
t-
95%
c'
89%
en
89%
Ă”
89%
Ă´
89%
s'
89%
Elle
84%
elle
84%
est
84%
les
84%
me
84%
Me
84%
N'
84%
Ne
84%
Qu'
84%
qu'
84%
se
84%
dit
79%
pas,
79%
que
79%
Que
79%
sa
79%
tu
74%
on
68%
homme :
63%
je !
63%
Je
63%
je
63%
son
63%
jours
58%
lui
58%
cet
53%
belle !
47%
moi
47%
plus
47%
tout
47%
porte,
42%
tous
42%
appelait
37%
frappe
37%
jamais
37%
secours.
37%
suis
37%
toi.
37%
vois-
37%
entre,
32%
sembles
32%
Viens
32%
viens
32%
cria-
26%
fut
26%
vite,
26%
disait-
21%
finir
21%
montre.
21%
part :
16%
quelque
16%
venant,
16%
vive,
16%
assez,
11%
cause
11%
content.
11%
cruelle.
11%
crut,
11%
cul
11%
effet.
11%
effroi !
11%
fortune
11%
galant
11%
hideux !
11%
horreur
11%
jatte,
11%
manchot,
11%
obliger
11%
rencontre
11%
rende
11%
somme
11%
approche
5%
autant.
5%
goutteux,
5%
impotent,
5%
Mécénas
5%
objet ;
5%
Ă´tez-
5%
pourvu
5%
retire-
5%
Aucun quiz correspondant
Distribution des résultats
% des personnes avec chaque résultat
Percentile par nombre de réponses
Votre historique - résultats
Vous n’avez pas pris ce quiz